00880nam a2200145 a 450000100080000000500110000800800410001910000210006024500590008126000600014030000190020052004940021965000110071365000100072412252162014-07-10 1981 bl uuuu 00u1 u #d1 aJEFFERIES, B. C. aAustralian Merino Society tour of South America, 1981. a(s.l.): Department of Agriculture South Australiac1981 aNĂ£o paginado. aObjectives of the Tour; Itinerary; Introduction; Background; The cooperative of S.A.I.S. "Tupac Amaru" in Peru; The junin breed of sheep; Wool processing Mill - Buenos Aires Argentina; Wool stores ofHart and Co. in Buenos Aires - Argentina; The australia scene - merino breeding; The Argentine scene - Merino and corriedale breeding;Tradition Merino studs in Argentina; Nuclrus breeding in Argentina; The corino breed; The Arentine cormo breed; Recommendation arising from the A.M.S. Tour. aMerino aOvino